00562nam a2200193Ia 4500008004100000040001900041041001200060082002700072100001700099245007300116250001200189260004100201300002100242504003200263650001400295651002200309700001700331850002000348131103s9999 xx 000 0 und d aLoreto College aEnglish a371.9/TANbLCBED/14318 aTansley,A.E. 4aThe education of slow learning childrencA.E.Tansley and R.Gulliford a2nd ed. aLondonbRoutledge & Kegan Paulc1960 a255 p. c 22 cm. aIncludes appendix and index aEducation aSpecial education aGulliford,R. aLCBED/371.9/TAN